000 01340nam a22002057a 4500
003 NALT
005 20251125233111.0
008 s2555 th ||||| |||| 00| 0 tha d
040 _aNALT
090 _aIS 6/2555 30
100 0 _aสิริธร ลิมปพยอม
_917080
245 1 0 _aการเพิ่มประสิทธิภาพงานด้านเลขานุการของคณะกรรมการดำเนินการสรรหาและเลือกสรรพนักงานราชการของสำนักงานเลขาธิการสภาผู้แทนราษฎร /
_cสิริธร ลิมปพยอม.
260 _aกรุงเทพฯ :
_bรัฐสภา,
_c2555.
300 _a57 หน้า :
_bแผนภูมิ, ตาราง ;
_c30 ซม.
610 2 4 _944579
_aสำนักงานเลขาธิการสภาผู้แทนราษฎร
_xพนักงานราชการ
_xการคัดเลือกและสรรหา
850 _aNALT
856 4 0 _uhttps://hdl.handle.net/20.500.14156/368399
942 _cIS
_2local
998 _bชวนพิชญ์ รัตนาไพบูลย์
_bphon
_j111
_k นางสาวพจพิณ พรมเอี่ยม
999 _c69242
_d69242